00778cam a2200205 a 4500008004100000010001700041020002600058020003200084020001800116040002800134050002300162100002800185245007000213260007000283300002100353490005500374504005400429650005600483830003300539070530s2006 sp b 000 0 spa d a 2007418711 a3865273122 (Vervuert) a8484892913 (Iberoamericana) a9788484892915 aPL#cPL#dOHXdNNCdDLC00aPQ7081b.A457 20061 aAinsa, Fernando,d1937-10aDel topos al logos :bpropuestas de geopoetica /cFernando Ainsa. aMadrid :bIberoamericana ;aFrankfurt am Main :bVervuert,c2006. a303 p. ;c22 cm.1 aCritica practicante. Ensayos latinoamericanos ;v2 aIncludes bibliographical references (p. 291-303). 0aSpanish American literaturexHistory and criticism. 0aCrâitica practicante ;v2.